000 00472nam a22001577a 4500
999 _c3815
_d3815
008 200702b ||||| |||| 00| 0 eng d
041 0 _aeng
082 0 0 _a398.2
_bE523
100 _93153
_a Elwin, Verrier.
245 1 0 _aWhen the world was young : folk-tales from India's hills and forests /
_cby Verrier. Elwin
260 _aDelhi :
_b Ministry of Information & Broadcasting, Govt. of India,
_c1961.
300 _a82 p.
365 _d1.50
650 0 _aTales
942 _cBK